Duettina piano 4 ms /
Saved in:
| Main Author: | |
|---|---|
| Format: | Book |
| Language: | Czech |
| Published: |
Praha :
Supraphon,
1977.
|
| Edition: | 1. vyd. |
| ISBN: |
(brož.) |
| Physical Description: |
15 s. |
| Tags: |
Add Tag
No Tags, Be the first to tag this record!
|
Titul je dostupný aj v ... 

MARC
| LEADER | 00000nam a2200000 a 4500 | ||
|---|---|---|---|
| 001 | 000108071 | ||
| 005 | 20100818220815.0 | ||
| 008 | 040101s1977 e czeo | ||
| 020 | |a (brož.) |c Kčs 6,50 | ||
| 040 | |a SVKKK |b slo |c SVKKK |e AACR2 | ||
| 041 | 0 | |a cze | |
| 044 | |a xr | ||
| 100 | 1 | |a Lejsek, Vlastimil, |d 1927-2010. |4 cmp | |
| 245 | 1 | 0 | |a Duettina |h hudobnina |b piano 4 ms / |c Vlastimil Lejsek. |
| 250 | |a 1. vyd. | ||
| 260 | |a Praha : |b Supraphon, |c 1977. | ||
| 300 | |a 15 s. | ||
| 910 | |a svkkk | ||
| 998 | |a MU | ||
| 090 | |g SCKHL |k Sklad Pribinova 3. posch. |a V.99849 |j 558801 |i 2721196282 |s Povinný výt. | ||